Movies to Countries - Picture Quiz - Statistics

General Stats
  • This quiz has been taken 39 times
  • The average score is 21 of 40
Answer Stats
Picture Answer % Correct
Japan
90%
United Kingdom
90%
United States
90%
China
87%
India
87%
France
81%
Iran
81%
Poland
81%
Cars
77%
South Korea
77%
Greece
74%
Italy
74%
Kill Bill
74%
Mulan
74%
Paddington 2
74%
Mamma Mia!
68%
Egypt
65%
Australia
61%
Schindler's List
58%
Mad Max: Fury Road
52%
Encanto
48%
Inception
48%
Sweden
48%
Colombia
45%
Slumdog Millionaire
45%
South Africa
45%
Brazil
42%
The Mummy
39%
Saudi Arabia
35%
Call Me By Your Name
32%
Thailand
32%
Midsommar
29%
Argo
26%
District 9
23%
Train to Busan
19%
The Beach
16%
The Secret Agent
16%
Malcolm X
13%
Casino Royale
10%
Madagascar
6%
No matching quizzes found
Score Distribution
Percent of People with Each Score
Percentile by Number Answered
Your Score History
You have not taken this quiz